000 01296nam a22003858a 4500
001 ocm73927542
003 OCoLC
005 20200320182032.0
008 061017s2007 mnu j 000 0 eng
010 _a 2006034582
020 _a9781599287515
020 _a159928751X
020 _c13.95
035 _a(OCoLC)73927542
040 _aDLC
_cDLC
_dBAKER
_dBTCTA
_dWACOL
049 _aWACL
050 0 0 _aSF459.H47
_bD68 2007
082 0 0 _a639/.67
_222
092 _aE
_bDou
100 1 _aDoudna, Kelly,
_d1963-
_95839887
245 1 0 _aHidden hermit crabs /
_cKelly Doudna ; illustrated by C.A. Nobens.
260 _aEdina, Minn. :
_bABDO Pub. Co.,
_cc2007.
263 _a0701
300 _a23 p. :
_bcol. ill. ;
_c20 cm.
490 0 _aPerfect pets
650 0 _aHermit crabs as pets
_vJuvenile literature.
_95735970
700 1 _aNobens, C. A.,
_eill.
_97422
856 4 1 _3Table of contents only
_uhttp://www.loc.gov/catdir/toc/ecip073/2006034582.html
938 _aBaker & Taylor
_bBKTY
_c19.93
_d19.93
_i159928751X
_n0007027047
_sactive
938 _aBaker and Taylor
_bBTCP
_n2006034582
942 _cBOOK
_021
948 _a11/26/2007
_zSirsi
994 _a02
_bWACOL
996 _a58924
_b34301000611865
_cE
_dbk
_ewcl
_fi
_g21
_h13.95
_lMidamerica
_mDou
_p11/26/2007
_q09/05/2018
_r08/22/2018
999 _c265776
_d265776